000 00448cam a2200181ua 4500
020 _c595.00
041 _aeng
_h
082 _a632.58
_bGUP/WE
100 _aGupta, O.P .
245 _aWeed management: Priciples and practices /
_cO.P.Gupta.
_hTextual Documents
250 _a2 /
_b.
260 _aJodhpur :
_bAgrobios (India) ,
_c2003.
300 _a293 ; .
365 _a595.00
504 _a
942 _cBK
999 _c11294
_d11294